[Event "FRA-chT Top 12 (Women) GpA"]
[Site "Mulhouse"]
[Date "2022.04.09"]
[Round "3.2"]
[White "Navrotescu, Andreea Cristiana"]
[Black "Armas, Lara Maria"]
[Result "1-0"]
[WhiteElo "2275"]
[BlackElo "1901"]
[PlyCount "108"]
[EventDate "2022.04.07"]
[EventType "team-tourn"]
[EventRounds "5"]
[EventCountry "FRA"]
[SourceTitle "CBM 207 Extra"]
[Source "ChessBase"]
[SourceDate "2022.05.31"]
[SourceVersion "1"]
[SourceVersionDate "2022.05.31"]
[SourceQuality "1"]
[WhiteTeam "Mulhouse Philidor (W)"]
[BlackTeam "Lesparre Medoc (W)"]
[WhiteTeamCountry "FRA"]
[BlackTeamCountry "FRA"]

1. c4 e5 2. Nc3 g6 3. d4 Nc6 4. d5 Nce7 5. e4 d6 6. h4 h6 7. Be3 Bg7 8. f3 f5 9. Qd2 Nf6 10. Nge2 Bd7 11. g3 a6 12. Nc1 fxe4 13. fxe4 Ng4 14. Bh3 Nxe3 15. Bxd7+ Qxd7 16. Qxe3 0-0 17. Nd3 Rf7 18. 0-0-0 Raf8 19. Qe2 Rf3 20. Rhf1 Qg4 21. Rxf3 Qxf3 22. Rg1 h5 23. Qxf3 Rxf3 24. Kc2 Bh6 25. Nd1 Kh7 26. Ne1 Rf8 27. Kd3 Ng8 28. Rg2 Nf6 29. Rf2 Kg7 30. b4 c6 31. a4 cxd5 32. cxd5 Rc8 33. Rc2 Rxc2 34. Nxc2 Kf7 35. Na3 Ke7 36. Nc4 Kd7 37. Nc3 Ng4 38. Ke2 Bf8 39. b5 axb5 40. Nxb5 Be7 41. Nb6+ Kd8 42. Na8 Kd7 43. Nac7 Bd8 44. Ne6 Be7 45. Na3 Nf6 46. Kd3 Nh7 47. Nc4 Nf8 48. Nb6+ Ke8 49. Kc4 Nxe6 50. dxe6 g5 51. hxg5 Bxg5 52. Kd5 Be3 53. Nc4 Bf2 54. Nxd6+ Kd8 1-0

[Event "FRA-chT Top 12 (Women) GpA"]
[Site "Mulhouse"]
[Date "2022.04.07"]
[Round "1.3"]
[White "Armas, Lara Maria"]
[Black "Batsiashvili, Nino"]
[Result "0-1"]
[WhiteElo "1901"]
[BlackElo "2463"]
[PlyCount "79"]
[EventDate "2022.04.07"]
[EventType "team-tourn"]
[EventRounds "5"]
[EventCountry "FRA"]
[SourceTitle "CBM 207 Extra"]
[Source "ChessBase"]
[SourceDate "2022.05.31"]
[SourceVersion "1"]
[SourceVersionDate "2022.05.31"]
[SourceQuality "1"]
[WhiteTeam "Lesparre Medoc (W)"]
[BlackTeam "Juvisy (W)"]
[WhiteTeamCountry "FRA"]
[BlackTeamCountry "FRA"]

1. d4 Nf6 2. c4 e6 3. Nc3 Bb4 4. Qc2 0-0 5. Bg5 h6 6. Bh4 c5 7. e3 cxd4 8. exd4 d5 9. cxd5 exd5 10. Bd3 Nc6 11. Nge2 Be6 12. 0-0 Bd6 13. Bf5 Qd7 14. Bxe6 fxe6 15. Rae1 Nh5 16. Qg6 Rf5 17. g4 Nf4 18. Nxf4 Rxf4 19. Qxe6+ Qxe6 20. Rxe6 Rxg4+ 21. Bg3 Rd8 22. Nxd5 Bxg3 23. Ne3 Bxf2+ 24. Kxf2 Rgxd4 25. Rg1 Rf4+ 26. Kg3 Rf7 27. h4 Nd4 28. Re4 Ne2+ 29. Kg2 Nxg1 30. Kxg1 h5 31. Nc4 b5 32. Ne3 Rd2 33. Re5 Rxb2 34. Rxh5 Re7 35. Nf1 Re1 36. Rf5 Rxa2 37. Rxb5 Raa1 38. Rf5 a5 39. Kg2 Rxf1 40. Rxf1 0-1

[Event "FRA-ch op-B"]
[Site "Saint Quentin"]
[Date "2015.??.??"]
[Round "9"]
[White "Blachon, Pascal"]
[Black "Armas, Lara Maria"]
[Result "1-0"]
[WhiteElo "2023"]
[BlackElo "1931"]
[PlyCount "145"]
[EventDate "2015.08.09"]
[EventType "swiss"]
[EventRounds "11"]
[EventCountry "FRA"]
[SourceTitle "EXT 2016"]
[Source "ChessBase"]
[SourceDate "2015.10.08"]
[SourceVersion "1"]
[SourceVersionDate "2015.10.08"]
[SourceQuality "1"]

1. Nf3 d5 2. g3 Nf6 3. Bg2 e6 4. 0-0 b6 5. c4 Bb7 6. cxd5 exd5 7. d4 Be7 8. Qc2 Nbd7 9. Bf4 c5 10. dxc5 bxc5 11. Nc3 0-0 12. Rfd1 h6 13. Ne5 Nb6 14. a4 a5 15. Nb5 Qc8 16. Rac1 Nh5 17. Bd2 d4 18. Bxb7 Qxb7 19. b3 Nf6 20. Qd3 Nfd5 21. Qf3 Qb8 22. Nc6 Qe8 23. Nxa5 Qd7 24. Nc4 Nxc4 25. Rxc4 Nb6 26. Rcc1 Rfd8 27. Be1 Qd5 28. Qxd5 Nxd5 29. Rd3 Rac8 30. Rcd1 Nc7 31. Ba5 Nxb5 32. Bxd8 Rxd8 33. axb5 Rb8 34. e3 Rxb5 35. exd4 cxd4 36. Rxd4 Rxb3 37. Rd7 Bf6 38. R1d2 Ra3 39. Kg2 Rb3 40. Ra2 Rb8 41. Raa7 Rf8 42. h4 Be5 43. h5 Bf6 44. Kf3 Bc3 45. Kf4 Bf6 46. Kf5 Bc3 47. f4 Bb2 48. Ke4 Bc3 49. Kd5 Be1 50. g4 Bd2 51. Ke4 Bc3 52. Kd3 Bf6 53. Rab7 Bh4 54. Ke4 Bf6 55. Kd5 Bh4 56. Ke4 Bf6 57. Kf5 Bc3 58. Rd3 Be1 59. Rdb3 Bd2 60. Rb8 Be1 61. Ke5 Ba5 62. Kd6 Rxb8 63. Rxb8+ Kh7 64. Ke7 Bc7 65. Rb4 f6 66. Kf7 Bd6 67. Ra4 f5 68. gxf5 Bc5 69. f6 gxf6 70. Kxf6 Be3 71. Rb4 Bd2 72. Rb7+ Kg8 73. f5 1-0

[Event "FRA-ch op-B"]
[Site "Saint Quentin"]
[Date "2015.??.??"]
[Round "4"]
[White "Kozlowski, Thierry"]
[Black "Armas, Lara Maria"]
[Result "1-0"]
[WhiteElo "1960"]
[BlackElo "1931"]
[PlyCount "129"]
[EventDate "2015.08.09"]
[EventType "swiss"]
[EventRounds "11"]
[EventCountry "FRA"]
[SourceTitle "EXT 2016"]
[Source "ChessBase"]
[SourceDate "2015.10.08"]
[SourceVersion "1"]
[SourceVersionDate "2015.10.08"]
[SourceQuality "1"]

1. d4 d6 2. c4 e5 3. Nc3 exd4 4. Qxd4 Nc6 5. Qd2 Nf6 6. g3 g6 7. b3 Bg7 8. Bb2 0-0 9. Bg2 Re8 10. Nh3 Bf5 11. 0-0 Ne4 12. Nxe4 Bxe4 13. f3 Bf5 14. Bxg7 Kxg7 15. Nf4 Ne5 16. e4 Be6 17. Rad1 a5 18. Qc3 b6 19. Nxe6+ Rxe6 20. f4 Kg8 21. fxe5 Rxe5 22. Qxe5 dxe5 23. Rxd8+ Rxd8 24. Bf3 Rd2 25. Rf2 Rd3 26. Kg2 Kf8 27. Rc2 c5 28. g4 h6 29. Kf2 Ke7 30. Ke2 Rd7 31. Rd2 Ra7 32. Rb2 Kd6 33. Kd3 Kc6 34. Kc3 Ra8 35. Rd2 f6 36. a3 Kc7 37. Bg2 Kc6 38. Rf2 Rf8 39. b4 axb4+ 40. axb4 Rf7 41. Bf1 Rf8 42. Ra2 Kb7 43. bxc5 bxc5 44. Ra5 Kb6 45. Rb5+ Kc6 46. Bd3 Ra8 47. Bc2 Ra3+ 48. Rb3 Ra8 49. Rb1 Ra3+ 50. Bb3 Ra8 51. Rf1 Rf8 52. Ba4+ Kc7 53. Rd1 f5 54. exf5 gxf5 55. Rd7+ Kb6 56. Rd6+ Kb7 57. gxf5 Rxf5 58. Rxh6 Rf4 59. Bc6+ Kc7 60. Bd5 Rf2 61. Kd3 Kd7 62. h4 Rf4 63. h5 Rh4 64. Ke3 Kc7 65. Kf3 1-0

[Event "Naujac op 17th"]
[Site "Naujac"]
[Date "2014.07.02"]
[Round "4"]
[White "Armas, Lara Maria"]
[Black "Larand, Manuel"]
[Result "0-1"]
[WhiteElo "1935"]
[BlackElo "2041"]
[PlyCount "132"]
[EventDate "2014.06.29"]
[EventType "swiss"]
[EventRounds "9"]
[EventCountry "FRA"]
[SourceTitle "CBM 161 Extra"]
[Source "ChessBase"]
[SourceDate "2014.08.29"]
[SourceVersion "1"]
[SourceVersionDate "2014.08.29"]
[SourceQuality "1"]

1. d4 Nf6 2. c4 c5 3. d5 b5 4. cxb5 a6 5. bxa6 g6 6. Nc3 Bxa6 7. e4 Bxf1 8. Kxf1 d6 9. Nf3 Bg7 10. h3 0-0 11. Kg1 Nbd7 12. Kh2 Ra6 13. Re1 Qa8 14. Re2 Nb6 15. Rc2 Rb8 16. Qe2 Na4 17. Ne1 Rb4 18. f3 Nd7 19. Nxa4 Raxa4 20. Nd3 Rb8 21. a3 Qa6 22. Nf2 c4 23. Nd1 Nc5 24. Nc3 Qa8 25. Bg5 Nb3 26. Rd1 Nd4 27. Rxd4 Bxd4 28. Nd1 Ra6 29. Nc3 Ra5 30. Nd1 Rc5 31. Bd2 Rcc8 32. Bb4 Kg7 33. Ne3 Be5+ 34. g3 h5 35. Nxc4 Qa4 36. f4 Bd4 37. Qd3 f6 38. b3 Qa7 39. Rd2 Bf2 40. Rc2 h4 41. gxh4 Rh8 42. Qf1 Bxh4 43. Nd2 Bf2 44. Rc3 Rh4 45. Rf3 Bd4 46. Nc4 Rbh8 47. e5 dxe5 48. fxe5 f5 49. Qg2 Rg4 50. Rg3 Rhh4 51. Be1 Rxg3 52. Bxg3 Re4 53. d6 exd6 54. Nxd6 Re3 55. Nxf5+ gxf5 56. Bf2+ Kf7 57. Bxe3 Bxe5+ 58. Kh1 Qxe3 59. Qd5+ Kf6 60. Qd8+ Kg6 61. Qg8+ Bg7 62. a4 f4 63. h4 f3 64. h5+ Kh6 65. Qf7 Qe1+ 66. Kh2 Be5+ 0-1

[Event "FRA-chT Top 12 (Women)"]
[Site "Mulhouse"]
[Date "2014.05.10"]
[Round "3.2"]
[White "Boyard, Marie"]
[Black "Armas, Lara Maria"]
[Result "1/2-1/2"]
[WhiteElo "1984"]
[BlackElo "1932"]
[PlyCount "94"]
[EventDate "2014.05.09"]
[EventType "team-tourn"]
[EventRounds "5"]
[EventCountry "FRA"]
[SourceTitle "CBM 160 Extra"]
[Source "ChessBase"]
[SourceDate "2014.07.01"]
[SourceVersion "1"]
[SourceVersionDate "2014.07.01"]
[SourceQuality "1"]
[WhiteTeam "Strasbourg (W)"]
[BlackTeam "Naujac (W)"]
[WhiteTeamCountry "FRA"]
[BlackTeamCountry "FRA"]

1. d4 Nf6 2. Nc3 d5 3. Bg5 Nbd7 4. Qd3 h6 5. Bh4 c6 6. Nf3 Qb6 7. 0-0-0 e6 8. e4 dxe4 9. Nxe4 Be7 10. Ne5 Nxe4 11. Qxe4 Nf6 12. Qf3 0-0 13. Ng4 Qd8 14. Nxf6+ Bxf6 15. Bxf6 Qxf6 16. Qxf6 gxf6 17. f4 Re8 18. Re1 b6 19. Bd3 Bd7 20. Re3 Rac8 21. Rhe1 c5 22. Rg3+ Kf8 23. dxc5 Rxc5 24. Rh3 Kg7 25. Ree3 Rh8 26. Rhg3+ Kf8 27. b4 Rc8 28. Ba6 Rc6 29. Rc3 Ke7 30. b5 Rxc3 31. Rxc3 Kd6 32. a4 h5 33. Bb7 h4 34. h3 Rh5 35. Bf3 Rc5 36. Rd3+ Ke7 37. Rd4 f5 38. Kd2 Rc7 39. c4 Bc8 40. Kc3 Bb7 41. Bxb7 Rxb7 42. Kb4 Rc7 43. Rd2 f6 44. Ra2 e5 45. a5 e4 46. axb6 axb6 47. Re2 Rc8 1/2-1/2

[Event "FRA-chT Top 12 (Women)"]
[Site "Mulhouse"]
[Date "2014.05.09"]
[Round "1.3"]
[White "Armas, Lara Maria"]
[Black "Fischer, Julie"]
[Result "0-1"]
[WhiteElo "1932"]
[BlackElo "1968"]
[PlyCount "101"]
[EventDate "2014.05.09"]
[EventType "team-tourn"]
[EventRounds "5"]
[EventCountry "FRA"]
[SourceTitle "CBM 160 Extra"]
[Source "ChessBase"]
[SourceDate "2014.07.01"]
[SourceVersion "1"]
[SourceVersionDate "2014.07.01"]
[SourceQuality "1"]
[WhiteTeam "Naujac (W)"]
[BlackTeam "Bischwiller (W)"]
[WhiteTeamCountry "FRA"]
[BlackTeamCountry "FRA"]

1. d4 Nf6 2. c4 c5 3. dxc5 Na6 4. Nc3 Nxc5 5. Nf3 g6 6. g3 Bg7 7. Bg2 Rb8 8. 0-0 b6 9. Bf4 d6 10. Nd4 Bb7 11. Nc6 Bxc6 12. Bxc6+ Nfd7 13. Qd2 Qc8 14. Bd5 0-0 15. b3 Nf6 16. Bg2 Qf5 17. Rac1 Ne6 18. Bh6 Rfc8 19. Bxg7 Kxg7 20. e4 Qh5 21. f4 Qc5+ 22. Kh1 h5 23. f5 Nf8 24. Nd5 Nxd5 25. exd5 Nd7 26. fxg6 fxg6 27. Bh3 Ne5 28. Bxc8 Qxc8 29. Qg5 Rb7 30. Rce1 Qc7 31. Kg2 b5 32. Qf4 Rb8 33. cxb5 Kh7 34. Qg5 Kg7 35. Re2 Rxb5 36. Qf4 Rb8 37. Rc1 Qb7 38. Rxe5 Rf8 39. Qd4 dxe5 40. Qxe5+ Kh6 41. Rc6 a5 42. Qe3+ Kh7 43. Qg5 Rg8 44. Qe5 Rg7 45. Rc7 Qb4 46. Rc4 Qd2+ 47. Kg1 Qd1+ 48. Kg2 Qd2+ 49. Kg1 Qd1+ 50. Kf2 Qd2+ 51. Kg1 0-1

[Event "BL2 West 1213 (Women)"]
[Site "Germany"]
[Date "2012.10.07"]
[Round "2.2"]
[White "Evers, Annika"]
[Black "Armas, Lara Maria"]
[Result "1/2-1/2"]
[WhiteElo "1807"]
[BlackElo "1973"]
[PlyCount "107"]
[EventDate "2012.10.06"]
[EventType "team-tourn"]
[EventRounds "7"]
[EventCountry "GER"]
[SourceTitle "EXT 2018"]
[Source "ChessBase"]
[SourceDate "2017.10.13"]
[SourceVersion "1"]
[SourceVersionDate "2017.10.13"]
[SourceQuality "1"]
[WhiteTeam "Harksheide (W)"]
[BlackTeam "Kiel Doppelbauer (W)"]
[WhiteTeamCountry "GER"]
[BlackTeamCountry "GER"]

1. d4 Nf6 2. Nf3 e6 3. e3 Be7 4. Bd3 b6 5. 0-0 Bb7 6. Nbd2 c5 7. b3 d6 8. Bb2 Nbd7 9. c4 0-0 10. Rc1 Rc8 11. Bb1 Re8 12. Re1 Bf8 13. Qe2 g6 14. Ng5 Bg7 15. Nge4 Qc7 16. dxc5 dxc5 17. Rcd1 Ng4 18. Nf1 Bxe4 19. Bxe4 f5 20. Bxg7 Kxg7 21. Bb1 Rcd8 22. e4 Kf7 23. h3 Nge5 24. Qb2 f4 25. Nd2 Nb8 26. a3 Nbc6 27. b4 Nd4 28. Qc3 a6 29. Ba2 Rd7 30. bxc5 bxc5 31. Nb3 Red8 32. Nxd4 cxd4 33. Qc1 g5 34. h4 h6 35. Rd2 Qc5 36. Qd1 Kg6 37. Qb3 Rd6 38. Rb1 Qa5 39. Qb4 Qc7 40. c5 Rc6 41. Rxd4 f3 42. Rxd8 Qxd8 43. Qb8 Qxb8 44. Rxb8 Kf7 45. hxg5 hxg5 46. Rb6 fxg2 47. Rxc6 Nxc6 48. Kxg2 Ne5 49. Kg3 Ke7 50. Bb3 Kd7 51. Ba4+ Kc7 52. Be8 Kd8 53. Ba4 Kc7 54. Be8 1/2-1/2

[Event "FRA-chT1 1011"]
[Site "France"]
[Date "2010.10.17"]
[Round "1.3"]
[White "Armas, Lara Maria"]
[Black "Lecoq, Julien"]
[Result "1/2-1/2"]
[WhiteElo "1997"]
[BlackElo "2074"]
[PlyCount "37"]
[EventDate "2010.10.17"]
[EventType "team-tourn"]
[EventRounds "11"]
[EventCountry "FRA"]
[SourceTitle "EXT 2012"]
[Source "ChessBase"]
[SourceDate "2011.11.24"]
[SourceVersion "1"]
[SourceVersionDate "2011.11.24"]
[SourceQuality "1"]

1. d4 Nf6 2. c4 c5 3. dxc5 e6 4. Nc3 Bxc5 5. e3 0-0 6. Nf3 Nc6 7. Bd3 d5 8. 0-0 dxc4 9. Bxc4 a6 10. a3 b5 11. Ba2 Bb7 12. b4 Bb6 13. Bb2 Qe7 14. Qe2 Rfd8 15. Rfd1 Rac8 16. Rxd8+ Rxd8 17. Rd1 Rd7 18. Bb1 Rxd1+ 19. Qxd1 1/2-1/2

[Event "FRA-ch U20 Girls"]
[Site "Troyes"]
[Date "2010.04.15"]
[Round "5"]
[White "Langlet, Stephanie"]
[Black "Armas, Lara Maria"]
[Result "0-1"]
[WhiteElo "1470"]
[BlackElo "2008"]
[PlyCount "84"]
[EventDate "2010.04.11"]
[EventType "swiss"]
[EventRounds "9"]
[EventCountry "FRA"]
[SourceTitle "EXT 2012"]
[Source "ChessBase"]
[SourceDate "2011.11.24"]
[SourceVersion "1"]
[SourceVersionDate "2011.11.24"]
[SourceQuality "1"]

1. e4 c5 2. c3 d5 3. exd5 Qxd5 4. d4 cxd4 5. Qxd4 Qxd4 6. cxd4 Nc6 7. Nf3 e6 8. Bb5 Bd7 9. 0-0 Nf6 10. Nc3 a6 11. Bxc6 Bxc6 12. Ne5 Rc8 13. Nxc6 Rxc6 14. Bg5 Bb4 15. Bxf6 gxf6 16. Rac1 Ke7 17. Rc2 Bxc3 18. Rxc3 Rxc3 19. bxc3 Rc8 20. Rc1 b5 21. a3 Kd6 22. Kf1 Kd5 23. Ke2 Kc4 24. Kd2 e5 25. dxe5 fxe5 26. Rb1 Rd8+ 27. Kc2 a5 28. f3 Rd3 29. Rb3 Rd2+ 30. Kxd2 Kxb3 31. Kd3 Kxa3 32. Kc2 b4 33. c4 b3+ 34. Kb1 Kb4 35. c5 Kxc5 36. Kb2 a4 37. Kc3 Kd5 38. g4 e4 39. fxe4+ Kxe4 40. h3 Kf4 41. Kb2 Kg3 42. Ka1 Kxh3 0-1

[Event "FRA-chB (Women)"]
[Site "Belfort"]
[Date "2010.??.??"]
[Round "2"]
[White "Armas, Lara Maria"]
[Black "Neuhauser, Salome"]
[Result "1/2-1/2"]
[WhiteElo "1988"]
[BlackElo "2054"]
[PlyCount "86"]
[EventDate "2010.08.09"]
[EventType "tourn"]
[EventRounds "11"]
[EventCountry "FRA"]
[SourceTitle "EXT 2011"]
[Source "ChessBase"]
[SourceDate "2010.11.26"]
[SourceVersion "1"]
[SourceVersionDate "2010.11.26"]
[SourceQuality "1"]

1. d4 Nf6 2. c4 e6 3. Nc3 Bb4 4. Qc2 Nc6 5. Nf3 d6 6. a3 Bxc3+ 7. Qxc3 Qe7 8. b4 a5 9. b5 Nb8 10. g3 b6 11. Bg2 Bb7 12. 0-0 Nbd7 13. Bb2 0-0 14. a4 Rfe8 15. Nd2 Bxg2 16. Kxg2 e5 17. Nb3 Qe6 18. e3 Ne4 19. Qc2 Ng5 20. f3 e4 21. f4 Qh3+ 22. Kh1 Nf3 23. Qg2 Qh5 24. Nd2 Nxd2 25. Qxd2 Nf6 26. d5 Nd7 27. Bd4 f6 28. Ra2 Rf8 29. Qe2 Qg6 30. Qc2 Rae8 31. Qb1 Qh5 32. Qd1 Qh3 33. Qe2 Ne5 34. Bxe5 fxe5 35. Qg2 Qxg2+ 36. Kxg2 exf4 37. Rxf4 Rxf4 38. gxf4 Kf7 39. Kg3 Kf6 40. Kg4 Kg6 41. h4 Kf6 42. Rg2 g6 43. Kh3 Re7 1/2-1/2

[Event "FRA-chB (Women)"]
[Site "Belfort"]
[Date "2010.??.??"]
[Round "3"]
[White "Rigolot, Lucie"]
[Black "Armas, Lara Maria"]
[Result "1/2-1/2"]
[WhiteElo "1902"]
[BlackElo "1988"]
[PlyCount "151"]
[EventDate "2010.08.09"]
[EventType "tourn"]
[EventRounds "11"]
[EventCountry "FRA"]
[SourceTitle "EXT 2011"]
[Source "ChessBase"]
[SourceDate "2010.11.26"]
[SourceVersion "1"]
[SourceVersionDate "2010.11.26"]
[SourceQuality "1"]

1. e4 c5 2. Nf3 d6 3. d4 cxd4 4. Nxd4 Nf6 5. Nc3 a6 6. Bc4 e6 7. Bb3 b5 8. 0-0 Be7 9. Re1 0-0 10. Bg5 h6 11. Bh4 Qb6 12. Kh1 Bb7 13. f3 Nbd7 14. Bf2 Rfe8 15. Qd2 Qc7 16. g4 b4 17. Nd1 d5 18. Bg3 Bd6 19. Bxd6 Qxd6 20. exd5 Nxd5 21. Ne3 N7b6 22. Rad1 Rad8 23. Qf2 Qf4 24. Ng2 Qc7 25. Qg3 a5 26. a4 bxa3 27. bxa3 a4 28. Qxc7 Nxc7 29. Ba2 e5 30. Rb1 exd4 31. Rxe8+ Rxe8 32. Rxb6 Bxf3 33. Kg1 Re2 34. Nh4 Bxg4 35. Bc4 Re7 36. Ng6 Re8 37. Rb7 Be6 38. Bxe6 Nxe6 39. Ne5 f6 40. Nf3 Rd8 41. Rb6 Kf7 42. Ne1 f5 43. Rb7+ Kf6 44. Ra7 Nc5 45. Nd3 Rc8 46. Nf4 Ke5 47. Ng6+ Kf6 48. Nf4 Kg5 49. Nd5 Ne6 50. Nb4 Kf4 51. Rxa4 Kf3 52. Ra5 Rc5 53. Ra7 g5 54. Nd3 Rb5 55. Ne1+ Ke2 56. Nd3 Rb1+ 57. Kg2 f4 58. Rf7 Kd2 59. Rf6 Ng7 60. Nb4 Ra1 61. Rxh6 Nf5 62. Rf6 Ne3+ 63. Kf3 Rxa3 64. Ke4 Ra4 65. Nd3 Nxc2 66. h4 Ra3 67. hxg5 Rxd3 68. Kxf4 Ne3 69. Rd6 Nc4 70. Rd8 Kc3 71. g6 Rd1 72. g7 Rg1 73. g8Q Rxg8 74. Rxg8 d3 75. Rd8 d2 76. Rxd2 1/2-1/2

[Event "FRA-chB (Women)"]
[Site "Nimes"]
[Date "2009.08.14"]
[Round "4"]
[White "Armas, Lara Maria"]
[Black "Fruteau, Sabine"]
[Result "1-0"]
[WhiteElo "1948"]
[BlackElo "2126"]
[PlyCount "91"]
[EventDate "2009.08.10"]
[EventType "tourn"]
[EventRounds "11"]
[EventCountry "FRA"]
[SourceTitle "CBM 132 Extra"]
[Source "ChessBase"]
[SourceDate "2009.11.03"]
[SourceVersion "1"]
[SourceVersionDate "2009.11.03"]
[SourceQuality "1"]

1. d4 Nf6 2. Nf3 d5 3. e3 e6 4. Bd3 c5 5. b3 cxd4 6. exd4 Nc6 7. a3 Bd6 8. 0-0 h6 9. Bb2 0-0 10. Nbd2 Nh7 11. c4 f5 12. Re1 Nf6 13. b4 Ne4 14. b5 Ne7 15. c5 Bf4 16. Nf1 Ng6 17. a4 Bc7 18. Rc1 Nf4 19. c6 bxc6 20. Rxc6 Bd7 21. Rc1 Bd6 22. Qb3 Qe8 23. Ne5 Bxe5 24. dxe5 Qg6 25. Ng3 h5 26. Bf1 h4 27. Ne2 Nxe2+ 28. Rxe2 f4 29. f3 Ng5 30. Kh1 h3 31. Rc7 Be8 32. Qc2 hxg2+ 33. Bxg2 Qh5 34. Qd3 Bg6 35. Qb3 Be4 36. Rf2 Qh4 37. Rf1 Rac8 38. Rxc8 Rxc8 39. fxe4 dxe4 40. Bxe4 Nxe4 41. Qxe6+ Kh7 42. Qf5+ Kh6 43. Qxe4 g5 44. e6 Qh3 45. Rf3 Qg4 46. Rd3 1-0

[Event "Naujac op"]
[Site "Naujac"]
[Date "2009.07.??"]
[Round "4"]
[White "Armas, Lara Maria"]
[Black "Wohl, Aleksandar H"]
[Result "0-1"]
[WhiteElo "1966"]
[BlackElo "2376"]
[PlyCount "72"]
[EventDate "2009.07.??"]
[EventType "swiss"]
[EventRounds "9"]
[EventCountry "FRA"]
[SourceTitle "CBM 131 Extra"]
[Source "ChessBase"]
[SourceDate "2009.09.03"]
[SourceVersion "2"]
[SourceVersionDate "2009.09.16"]
[SourceQuality "1"]

1. d4 d5 2. Nf3 c5 3. e3 Nc6 4. b3 Bg4 5. Be2 Nf6 6. Nbd2 e6 7. Bb2 cxd4 8. exd4 Bb4 9. 0-0 0-0 10. a3 Ba5 11. Ne5 Bf5 12. Rc1 Rc8 13. c4 Nxe5 14. dxe5 Bxd2 15. Qxd2 dxc4 16. Qxd8 Rfxd8 17. Bxc4 Ne4 18. Rfd1 Nd2 19. h3 Bc2 20. Re1 Bxb3 21. Bxb3 Nxb3 22. Rxc8 Rxc8 23. Re2 b5 24. Kf1 a5 25. Ke1 h5 26. Re3 a4 27. Bc3 Kh7 28. Ke2 Rd8 29. Re4 Nc1+ 30. Ke1 Rd3 31. Bb4 Na2 32. Ke2 Rb3 33. Rf4 Nxb4 34. axb4 a3 35. Rxf7 Rxb4 36. Ra7 Ra4 0-1